000 00470nam a2200169Ia 4500
008 090711s9999 xx 000 0 und d
082 _b63109
100 _aकापसे स्मिता
245 _aरामायणीय
260 _c1989
300 _a124
600 _aकापसे स्मिता
630 _aरामायणीय
700 _aकापसे स्मिता
730 _aरामायणीय
942 _cBOOK
999 _c284849
_d284849